[Event "Cologne Longerich op 8th"]
[Site "Cologne"]
[Date "2011.08.13"]
[Round "3"]
[White "Kirste, Ansgar"]
[Black "Pister, Gottlieb"]
[Result "0-1"]
[WhiteElo "1573"]
[BlackElo "1833"]
[PlyCount "88"]
[EventDate "2011.08.12"]
[EventType "swiss"]
[EventRounds "5"]
[EventCountry "GER"]
[SourceTitle "EXT 2017"]
[Source "ChessBase"]
[SourceDate "2016.10.25"]
[SourceVersion "1"]
[SourceVersionDate "2016.10.25"]
[SourceQuality "1"]

1. d4 d5 2. c4 e6 3. Nc3 Nf6 4. cxd5 exd5 5. Bg5 c6 6. e3 Bd6 7. Qc2 h6 8. Bxf6 Qxf6 9. Nf3 Bf5 10. Bd3 Bxd3 11. Qxd3 Nd7 12. 0-0 0-0 13. Rac1 Rfe8 14. a3 Re6 15. b4 Rae8 16. Na4 h5 17. Nc5 Nxc5 18. bxc5 Bc7 19. h4 Re4 20. Rb1 b6 21. cxb6 axb6 22. Rfc1 g5 23. hxg5 Qg6 24. Rb2 h4 25. Rbc2 R8e6 26. Nd2 Qxg5 27. Nxe4 dxe4 28. Qf1 c5 29. dxc5 Qe5 30. g3 Rg6 31. cxb6 Bxb6 32. Kh1 hxg3 33. fxg3 Bxe3 34. Qh3 Rh6 35. Rc8+ Kg7 36. Qxh6+ Bxh6 37. Rg1 Qh5+ 38. Kg2 Qf3+ 39. Kh2 Be3 40. Rh1 Qf2+ 41. Kh3 Qf5+ 42. Kg2 Qxc8 43. Re1 Qc2+ 44. Kf1 Qf2# 0-1